[Event "FIN-chT 0708"]
[Site "Finland"]
[Date "2007.11.17"]
[Round "4.8"]
[White "Hermlin, Aarne"]
[Black "Anttila, Perttu"]
[Result "0-1"]
[WhiteElo "2255"]
[BlackElo "2074"]
[PlyCount "60"]
[EventDate "2007.09.15"]
[EventType "team-tourn"]
[EventRounds "9"]
[EventCountry "FIN"]
[SourceTitle "EXT 2022"]
[Source "ChessBase"]
[SourceDate "2021.10.06"]
[SourceVersion "1"]
[SourceVersionDate "2021.10.06"]
[SourceQuality "1"]
[WhiteTeam "Salo SK"]
[BlackTeam "Vantaa EtVaS"]
[WhiteTeamCountry "FIN"]
[BlackTeamCountry "FIN"]

1. Nc3 e6 2. e4 d5 3. Nf3 Nf6 4. e5 Nfd7 5. d4 c5 6. dxc5 Bxc5 7. Bd3 Nc6 8. Bf4 Qc7 9. 0-0 f6 10. Re1 Ndxe5 11. Nxe5 fxe5 12. Qh5+ Qf7 13. Qxf7+ Kxf7 14. Bxe5 Nxe5 15. Rxe5 a6 16. Rae1 Bd4 17. R5e2 b5 18. Nd1 Bf6 19. c3 Rd8 20. Bc2 e5 21. Bb3 Be6 22. f4 e4 23. Ne3 Ke7 24. Kf1 b4 25. Rd1 bxc3 26. bxc3 d4 27. cxd4 Bxd4 28. Nd5+ Bxd5 29. Bxd5 Bc5 30. Rxe4+ Kf6 0-1

[Event "FIN-chT1A 0607"]
[Site "Finland"]
[Date "2006.09.??"]
[Round "2.2"]
[White "Eklund, Kari"]
[Black "Hermlin, Aarne"]
[Result "1-0"]
[WhiteElo "2175"]
[BlackElo "2284"]
[PlyCount "111"]
[EventDate "2006.09.16"]
[EventType "team-tourn"]
[EventRounds "7"]
[EventCountry "FIN"]
[SourceTitle "EXT 2022"]
[Source "ChessBase"]
[SourceDate "2021.10.06"]
[SourceVersion "1"]
[SourceVersionDate "2021.10.06"]
[SourceQuality "1"]
[WhiteTeam "Vantaa Remi"]
[BlackTeam "Eura SK"]
[WhiteTeamCountry "FIN"]
[BlackTeamCountry "FIN"]

1. d4 Nf6 2. c4 c5 3. d5 e5 4. Nc3 d6 5. e3 g6 6. Bd3 Bg7 7. Nge2 0-0 8. h3 Re8 9. Ng3 Na6 10. 0-0 Nc7 11. e4 a6 12. Bg5 h6 13. Be3 Qe7 14. Qd2 Kh7 15. a3 a5 16. Na4 Nd7 17. b4 axb4 18. axb4 b6 19. bxc5 bxc5 20. Nc3 Rxa1 21. Rxa1 Na6 22. Rb1 Nb4 23. Be2 Rf8 24. f3 f5 25. exf5 gxf5 26. Bf2 Nf6 27. Na2 f4 28. Ne4 Nxe4 29. fxe4 Nxa2 30. Qxa2 f3 31. Bxf3 Bxh3 32. Qe2 Bc8 33. Rb6 Qc7 34. Rb1 Qd8 35. Bg3 Qg5 36. Bf2 Rg8 37. Be3 Qh4 38. Bf2 Qd8 39. Bg4 Bf6 40. Bxc8 Qxc8 41. Qf3 Rg6 42. Rb6 Bg7 43. Qf5 Qd8 44. Bxc5 Qh4 45. Bf2 Qg4 46. Qxg4 Rxg4 47. Rxd6 Rxe4 48. c5 Rc4 49. c6 e4 50. Re6 Kg8 51. Bb6 Kf7 52. c7 Bd4+ 53. Bxd4 Rxc7 54. Rxe4 Rd7 55. Re5 Kg6 56. Kf2 1-0

[Event "Heinola We HeinSK"]
[Site "Heinola"]
[Date "2006.??.??"]
[Round "5"]
[White "Hagelberg, Lauri"]
[Black "Hermlin, Aarne"]
[Result "0-1"]
[WhiteElo "1959"]
[BlackElo "2262"]
[PlyCount "66"]
[EventDate "2006.??.??"]
[EventType "swiss"]
[EventRounds "5"]
[EventCountry "FIN"]
[SourceTitle "EXT 2022"]
[Source "ChessBase"]
[SourceDate "2021.10.06"]
[SourceVersion "1"]
[SourceVersionDate "2021.10.06"]
[SourceQuality "1"]

1. d4 Nf6 2. c4 c5 3. d5 e5 4. Nc3 d6 5. e4 g6 6. Be2 Bg7 7. Be3 a6 8. a4 Nbd7 9. h4 h5 10. Nh3 Ng4 11. Bg5 f6 12. Bd2 Bh6 13. Bxg4 Bxd2+ 14. Kxd2 hxg4 15. Qxg4 Nf8 16. Qg3 Qb6 17. Kc2 Qb4 18. b3 Rb8 19. f4 b5 20. axb5 axb5 21. Nxb5 Rxb5 22. cxb5 Qxe4+ 23. Kd2 Qxd5+ 24. Ke2 Qe4+ 25. Kd2 Bf5 26. Rhc1 Ne6 27. Rc4 Nd4 28. Re1 Qd5 29. Kc1 0-0 30. h5 Ra8 31. Kb2 Nxb5 32. Rec1 Qd2+ 33. R1c2 Bxc2 0-1

[Event "FIN-chT1C 0506"]
[Site "Finland"]
[Date "2005.11.12"]
[Round "4.1"]
[White "Hermlin, Aarne"]
[Black "Sisatto, Olli"]
[Result "1-0"]
[WhiteElo "2262"]
[BlackElo "2204"]
[PlyCount "51"]
[EventDate "2005.09.17"]
[EventType "team-tourn"]
[EventRounds "7"]
[EventCountry "FIN"]
[SourceTitle "EXT 2022"]
[Source "ChessBase"]
[SourceDate "2021.10.06"]
[SourceVersion "1"]
[SourceVersionDate "2021.10.06"]
[SourceQuality "1"]
[WhiteTeam "Eura SK"]
[BlackTeam "Vammala SK"]
[WhiteTeamCountry "FIN"]
[BlackTeamCountry "FIN"]

1. e4 e5 2. Bc4 Nf6 3. d3 Nc6 4. Nc3 Bc5 5. f4 exf4 6. Bxf4 d6 7. Nf3 Bg4 8. Qd2 Bxf3 9. gxf3 Ne5 10. 0-0-0 Nh5 11. Bxe5 dxe5 12. Kb1 Nf4 13. Ne2 Nxe2 14. Qxe2 Qe7 15. f4 exf4 16. d4 Bb6 17. Qg4 0-0 18. Rhg1 g6 19. Qxf4 Kg7 20. e5 Rad8 21. c3 c6 22. Rd3 f6 23. Rh3 fxe5 24. Rxg6+ Kh8 25. Rxh7+ Qxh7 26. Qxe5+ 1-0

[Event "Naantali Summer op"]
[Site "Naantali"]
[Date "2005.07.??"]
[Round "9"]
[White "Haapasalo, Jukka Pekka"]
[Black "Hermlin, Aarne"]
[Result "1/2-1/2"]
[WhiteElo "2176"]
[BlackElo "2270"]
[PlyCount "38"]
[EventDate "2005.07.04"]
[EventType "swiss"]
[EventRounds "9"]
[EventCountry "FIN"]
[SourceTitle "EXT 2022"]
[Source "ChessBase"]
[SourceDate "2021.10.06"]
[SourceVersion "1"]
[SourceVersionDate "2021.10.06"]
[SourceQuality "1"]

1. Nf3 c5 2. e4 g6 3. c3 Bg7 4. d4 cxd4 5. cxd4 d5 6. exd5 Nf6 7. Bb5+ Nbd7 8. d6 0-0 9. 0-0 exd6 10. Nc3 Nb6 11. Re1 a6 12. Bf1 Nbd5 13. Nxd5 Nxd5 14. Qb3 Nf6 15. Bf4 b5 16. Qa3 Nd5 17. Qxd6 Nxf4 18. Qxf4 Bb7 19. a4 Bxf3 1/2-1/2

[Event "Naantali Summer op"]
[Site "Naantali"]
[Date "2005.07.??"]
[Round "5"]
[White "Niemi, Kalle"]
[Black "Hermlin, Aarne"]
[Result "1/2-1/2"]
[WhiteElo "2251"]
[BlackElo "2270"]
[PlyCount "134"]
[EventDate "2005.07.04"]
[EventType "swiss"]
[EventRounds "9"]
[EventCountry "FIN"]
[SourceTitle "EXT 2022"]
[Source "ChessBase"]
[SourceDate "2021.10.06"]
[SourceVersion "1"]
[SourceVersionDate "2021.10.06"]
[SourceQuality "1"]

1. e4 e5 2. Nf3 Nc6 3. Bb5 Nf6 4. d3 d6 5. c3 g6 6. Nbd2 Bg7 7. 0-0 0-0 8. Re1 Bd7 9. Ba4 Qe8 10. Bc2 Nh5 11. Nc4 f5 12. d4 f4 13. dxe5 dxe5 14. b4 Be6 15. Bb3 Rd8 16. Ncd2 h6 17. Bxe6+ Qxe6 18. Qb3 Rfe8 19. Bb2 Kh7 20. Qxe6 Rxe6 21. a4 g5 22. Nc4 g4 23. Nfd2 g3 24. Nf3 gxh2+ 25. Kxh2 Nf6 26. Kg1 Ng4 27. Kf1 Bf6 28. Rad1 Ree8 29. Ke2 b6 30. Ba3 Kg6 31. Bc1 Kf7 32. Nb2 Ke6 33. Rxd8 Rxd8 34. Rd1 Rxd1 35. Nxd1 a5 36. b5 Nb8 37. Ne1 Be7 38. Nd3 Nd7 39. f3 Ngf6 40. Bb2 Ne8 41. Bc1 Bc5 42. Kf1 h5 43. Bd2 Nd6 44. Be1 Nc4 45. g3 fxg3 46. Bxg3 Bd6 47. N1b2 Nxb2 48. Nxb2 Be7 49. Kg2 Nc5 50. Kh3 Bg5 51. Bf2 Bc1 52. Bxc5 Bxb2 53. Be3 Bxc3 54. Kh4 Bd4 55. Bh6 c6 56. bxc6 Kd6 57. Kxh5 Kxc6 58. f4 exf4 59. Bxf4 Kc5 60. Bc7 Kc6 61. Bd8 Kd7 62. Bg5 Kd6 63. Kg4 Kc5 64. Bd8 Kb4 65. e5 Bxe5 66. Bxb6 Kxa4 67. Bxa5 Kxa5 1/2-1/2

[Event "Naantali Summer op"]
[Site "Naantali"]
[Date "2005.07.??"]
[Round "3"]
[White "Topi Hulmi, Teemu"]
[Black "Hermlin, Aarne"]
[Result "1/2-1/2"]
[WhiteElo "2245"]
[BlackElo "2270"]
[PlyCount "42"]
[EventDate "2005.07.04"]
[EventType "swiss"]
[EventRounds "9"]
[EventCountry "FIN"]
[SourceTitle "EXT 2022"]
[Source "ChessBase"]
[SourceDate "2021.10.06"]
[SourceVersion "1"]
[SourceVersionDate "2021.10.06"]
[SourceQuality "1"]

1. e4 e5 2. Nf3 Nc6 3. Bb5 a6 4. Ba4 d6 5. 0-0 Bd7 6. c3 Nge7 7. d4 Ng6 8. Re1 Be7 9. Nbd2 0-0 10. Nf1 Nh4 11. Nxh4 Bxh4 12. Ng3 Bxg3 13. hxg3 Qf6 14. Be3 Rfe8 15. Bc2 Qg6 16. a3 Rf8 17. Rc1 Kh8 18. c4 f5 19. exf5 Bxf5 20. Bxf5 Qxf5 21. b4 exd4 1/2-1/2

[Event "Vantaa We EtVaS"]
[Site "Vantaa"]
[Date "2005.04.16"]
[Round "1"]
[White "Hermlin, Aarne"]
[Black "Pesola, Jyrki"]
[Result "1-0"]
[WhiteElo "2269"]
[BlackElo "2032"]
[PlyCount "105"]
[EventDate "2005.04.16"]
[EventType "swiss"]
[EventRounds "5"]
[EventCountry "FIN"]
[SourceTitle "EXT 2022"]
[Source "ChessBase"]
[SourceDate "2021.10.06"]
[SourceVersion "1"]
[SourceVersionDate "2021.10.06"]
[SourceQuality "1"]

1. d4 f5 2. Nc3 d5 3. Bf4 c6 4. Nf3 Nf6 5. e3 e6 6. a3 a5 7. h3 Bd6 8. Ne5 0-0 9. Bd3 Qc7 10. Qf3 Nbd7 11. Nxd7 Bxd7 12. Bxd6 Qxd6 13. Qf4 Qb8 14. Ne2 Re8 15. Qxb8 Raxb8 16. f4 b6 17. g4 g6 18. g5 Nh5 19. Kf2 Kf7 20. Ng1 Rec8 21. Nf3 Ng7 22. h4 Ke7 23. Ne5 Be8 24. Be2 Kd6 25. c3 Ra8 26. Bf3 Ra7 27. Nd3 Bf7 28. Nc1 Rg8 29. Ne2 Rb8 30. h5 Nxh5 31. Bxh5 gxh5 32. Ng3 Rg8 33. Nxh5 Bxh5 34. Rxh5 Rgg7 35. Rah1 Rab7 36. Rh6 Rbe7 37. Ke2 Rb7 38. Rf6 Rge7 39. Rhh6 Kd7 40. Rf8 Kc7 41. Kd3 Kd7 42. c4 dxc4+ 43. Kxc4 Kc7 44. Rff6 Kd7 45. Kd3 Rc7 46. e4 fxe4+ 47. Kxe4 c5 48. d5 exd5+ 49. Kxd5 b5 50. f5 b4 51. Rf8 Rg7 52. g6 hxg6 53. f6 1-0

[Event "Vantaa We EtVaS"]
[Site "Vantaa"]
[Date "2005.04.16"]
[Round "3"]
[White "Hermlin, Aarne"]
[Black "Zumsande, Martin"]
[Result "0-1"]
[WhiteElo "2269"]
[BlackElo "2381"]
[PlyCount "108"]
[EventDate "2005.04.16"]
[EventType "swiss"]
[EventRounds "5"]
[EventCountry "FIN"]
[SourceTitle "EXT 2022"]
[Source "ChessBase"]
[SourceDate "2021.10.06"]
[SourceVersion "1"]
[SourceVersionDate "2021.10.06"]
[SourceQuality "1"]

1. e4 e6 2. Nf3 d5 3. Nc3 Nf6 4. e5 Nfd7 5. d4 c5 6. dxc5 Nc6 7. Bf4 Bxc5 8. Bd3 f6 9. exf6 Nxf6 10. 0-0 0-0 11. Ne5 Bd7 12. Qe2 Qe7 13. Rae1 Rae8 14. Nxc6 Bxc6 15. Be5 Nd7 16. Qh5 g6 17. Bxg6 Nxe5 18. Rxe5 hxg6 19. Qxg6+ Qg7 20. Qh5 Rf5 21. Rxf5 exf5 22. Qxf5 d4 23. Nd5 Re5 24. Qc8+ Kf7 25. Nf4 Qg5 26. g3 Bd6 27. h4 Qf6 28. Qg4 Rc5 29. Nh3 Qf3 30. Qxf3+ Bxf3 31. Ng5+ Rxg5 32. hxg5 Bb4 33. c3 d3 34. cxb4 d2 35. Kh2 Kg6 36. g4 Bxg4 37. f4 Kf5 38. Kg3 d1Q 39. Rxd1 Bxd1 40. Kf2 Kxf4 41. g6 Bg4 42. g7 Be6 43. b3 Ke4 44. Ke2 Kd4 45. Kd2 Bg8 46. Kc2 Bh7+ 47. Kb2 a6 48. Ka3 Kc3 49. Ka4 b6 50. Ka3 Bg8 51. Ka4 Kb2 52. b5 a5 53. b4 axb4 54. Kxb4 Bxa2 0-1

[Event "Oulu We Sh 77 op"]
[Site "Oulu"]
[Date "2005.02.27"]
[Round "5"]
[White "Hermlin, Aarne"]
[Black "Peltomaa, Jukka"]
[Result "1-0"]
[WhiteElo "2248"]
[BlackElo "1887"]
[PlyCount "51"]
[EventDate "2005.02.26"]
[EventType "swiss"]
[EventRounds "5"]
[EventCountry "FIN"]
[SourceTitle "EXT 2007"]
[Source "ChessBase"]
[SourceDate "2006.11.23"]
[SourceVersion "1"]
[SourceVersionDate "2006.11.23"]
[SourceQuality "1"]

1. e4 c6 2. c4 d5 3. cxd5 cxd5 4. exd5 Nf6 5. Nc3 Nxd5 6. d4 e6 7. Nf3 Be7 8. Bd3 Nc6 9. 0-0 0-0 10. Re1 g6 11. Bh6 Re8 12. Qd2 Bf6 13. Be4 Nce7 14. h4 Bg7 15. h5 Nf6 16. Bxg7 Kxg7 17. h6+ Kg8 18. Ne5 Nxe4 19. Nxe4 Nd5 20. Nc3 f6 21. Ng4 Kf7 22. Nxd5 Qxd5 23. Rac1 Qd6 24. Qe3 Re7 25. Qf3 Qxd4 26. Ne5+ 1-0

[Event "FIN-chT1A 0405"]
[Site "Finland"]
[Date "2004.09.18"]
[Round "1.1"]
[White "Sammalvuo, Tapani"]
[Black "Hermlin, Aarne"]
[Result "1-0"]
[WhiteElo "2438"]
[BlackElo "2272"]
[PlyCount "67"]
[EventDate "2004.09.18"]
[EventType "team-tourn"]
[EventRounds "7"]
[EventCountry "FIN"]
[SourceTitle "EXT 2022"]
[Source "ChessBase"]
[SourceDate "2021.10.06"]
[SourceVersion "1"]
[SourceVersionDate "2021.10.06"]
[SourceQuality "1"]
[WhiteTeam "Helsinki Velhot"]
[BlackTeam "Eura SK"]
[WhiteTeamCountry "FIN"]
[BlackTeamCountry "FIN"]

1. e4 e5 2. Nf3 Nc6 3. Bb5 a6 4. Ba4 Nf6 5. 0-0 Be7 6. Re1 b5 7. Bb3 0-0 8. h3 d6 9. c3 Na5 10. Bc2 c5 11. d4 Bb7 12. d5 Bc8 13. b3 Ne8 14. Nbd2 Bd7 15. Nf1 Nb7 16. a4 bxa4 17. bxa4 c4 18. Ne3 Rc8 19. Rb1 Na5 20. Rb4 g6 21. Qe2 f5 22. Nxc4 Nxc4 23. Rxc4 f4 24. Ba3 g5 25. Rxc8 Bxc8 26. Qc4 Kh8 27. Nxe5 dxe5 28. Bxe7 Qxe7 29. Qxc8 Nf6 30. Qxa6 Qc5 31. Qc6 Qxc6 32. dxc6 Rc8 33. a5 Rxc6 34. Ra1 1-0

[Event "Vantaa We EtVaS EtVaS 30"]
[Site "Vantaa"]
[Date "2004.04.17"]
[Round "3"]
[White "Hermlin, Aarne"]
[Black "Yrjola, Jouni"]
[Result "0-1"]
[WhiteElo "2274"]
[BlackElo "2425"]
[PlyCount "92"]
[EventDate "2004.04.17"]
[EventType "swiss"]
[EventRounds "5"]
[EventCountry "FIN"]
[SourceTitle "EXT 2022"]
[Source "ChessBase"]
[SourceDate "2021.10.06"]
[SourceVersion "1"]
[SourceVersionDate "2021.10.06"]
[SourceQuality "1"]

1. Nf3 d6 2. e4 c5 3. Bb5+ Nc6 4. 0-0 Bd7 5. c3 Nf6 6. Re1 a6 7. Ba4 c4 8. d4 cxd3 9. Qxd3 g6 10. Nbd2 Bg7 11. Bb3 0-0 12. Nc4 Na5 13. Nxa5 Qxa5 14. Bf4 Bb5 15. Bc4 Bxc4 16. Qxc4 Nd7 17. Qd5 Qxd5 18. exd5 Bf6 19. Bg5 Bxg5 20. Nxg5 Rfe8 21. Rad1 Rac8 22. Rd4 Rc7 23. Ne4 Rec8 24. h4 Kf8 25. h5 gxh5 26. Ng3 Nf6 27. Nf5 Rd7 28. g3 Rc5 29. Red1 Rdc7 30. Kg2 Rc4 31. Ne3 Rxd4 32. Rxd4 Ke8 33. Kf3 Kd7 34. Ke2 e6 35. dxe6+ fxe6 36. Rh4 Rc5 37. Kd3 e5 38. b4 Rc7 39. a4 Ke6 40. a5 d5 41. f3 Rg7 42. g4 e4+ 43. fxe4 dxe4+ 44. Kd4 hxg4 45. Rh6 g3 46. Ng2 Kf5 0-1

[Event "Vantaa We EtVaS EtVaS 30"]
[Site "Vantaa"]
[Date "2004.04.17"]
[Round "2"]
[White "Issakainen, Ari"]
[Black "Hermlin, Aarne"]
[Result "0-1"]
[WhiteElo "2216"]
[BlackElo "2274"]
[PlyCount "138"]
[EventDate "2004.04.17"]
[EventType "swiss"]
[EventRounds "5"]
[EventCountry "FIN"]
[SourceTitle "EXT 2022"]
[Source "ChessBase"]
[SourceDate "2021.10.06"]
[SourceVersion "1"]
[SourceVersionDate "2021.10.06"]
[SourceQuality "1"]

1. d4 Nf6 2. c4 c5 3. d5 e5 4. Nc3 d6 5. e4 g6 6. Bd3 Bg7 7. Nge2 0-0 8. 0-0 Nh5 9. f3 f5 10. Be3 f4 11. Bf2 g5 12. a3 g4 13. fxg4 Bxg4 14. h3 Bc8 15. Kh2 f3 16. gxf3 Qd7 17. Ng1 Bh6 18. b4 b6 19. bxc5 bxc5 20. Rb1 Kh8 21. Re1 Rg8 22. Bf1 Bf4+ 23. Kh1 Qg7 24. Rb2 Bg3 25. Bd3 Bxf2 26. Rxf2 Qg3 27. Rh2 Nf4 28. Nce2 Qh4 29. Nxf4 Qxf4 30. Qd2 Nd7 31. Qxf4 exf4 32. Rg2 Ne5 33. Rxg8+ Kxg8 34. Bf1 Ba6 35. Rc1 Rb8 36. Ne2 Nxf3 37. Nxf4 Rb2 38. Be2 Ne5 39. Rg1+ Kf8 40. Ne6+ Ke7 41. Rg7+ Kf6 42. Bh5 Bc8 43. Rxh7 Bxe6 44. dxe6 Kxe6 45. Rxa7 Kf6 46. h4 Nxc4 47. Bf3 Ne5 48. Bg2 Ng4 49. Bf3 Nf2+ 50. Kg1 Nh3+ 51. Kh1 Rf2 52. Bg4 Nf4 53. a4 Ke5 54. Bf5 c4 55. Rc7 Rc2 56. a5 c3 57. a6 Kd4 58. Rc6 Ra2 59. Rxd6+ Ke5 60. Rc6 Ne2 61. Bg4 Ng3+ 62. Kg1 Kf4 63. Bf5 c2 64. a7 c1Q+ 65. Rxc1 Ne2+ 66. Kf1 Nxc1 67. h5 Ne2 68. h6 Ng3+ 69. Ke1 Rxa7 0-1

[Event "FIN-chT1A 0304"]
[Site "Finland"]
[Date "2004.02.14"]
[Round "5.1"]
[White "Hermlin, Aarne"]
[Black "Salo, Tapio"]
[Result "1/2-1/2"]
[WhiteElo "2269"]
[BlackElo "2305"]
[PlyCount "60"]
[EventDate "2003.09.??"]
[EventType "team-tourn"]
[EventRounds "7"]
[EventCountry "FIN"]
[SourceTitle "EXT 2022"]
[Source "ChessBase"]
[SourceDate "2021.10.06"]
[SourceVersion "1"]
[SourceVersionDate "2021.10.06"]
[SourceQuality "1"]
[WhiteTeam "Eura SK"]
[BlackTeam "Salo SK"]
[WhiteTeamCountry "FIN"]
[BlackTeamCountry "FIN"]

1. d4 Nf6 2. Nf3 e6 3. Bf4 b6 4. e3 Bb7 5. Nbd2 Be7 6. Bd3 Nh5 7. Bg3 Nxg3 8. hxg3 h6 9. Qe2 d6 10. 0-0-0 a6 11. e4 c5 12. c3 Nd7 13. Kb1 b5 14. d5 e5 15. Nh4 c4 16. Bc2 g6 17. f4 Bf6 18. Nhf3 Bg7 19. fxe5 dxe5 20. Nf1 0-0 21. Ne3 Qb6 22. Qd2 Nf6 23. Nxe5 Rae8 24. N3g4 Nxg4 25. Nxg4 h5 26. Nh6+ Kh7 27. Ng4 Kg8 28. Nh6+ Kh7 29. Ng4 Kg8 30. Nh6+ Kh7 1/2-1/2

[Event "FIN-chT1A 0304"]
[Site "Finland"]
[Date "2003.09.??"]
[Round "1.1"]
[White "Hermlin, Aarne"]
[Black "Jarvela, Jari"]
[Result "0-1"]
[WhiteElo "2269"]
[BlackElo "2255"]
[PlyCount "92"]
[EventDate "2003.09.??"]
[EventType "team-tourn"]
[EventRounds "7"]
[EventCountry "FIN"]
[SourceTitle "EXT 2022"]
[Source "ChessBase"]
[SourceDate "2021.10.06"]
[SourceVersion "1"]
[SourceVersionDate "2021.10.06"]
[SourceQuality "1"]
[WhiteTeam "Eura SK"]
[BlackTeam "Turku SY"]
[WhiteTeamCountry "FIN"]
[BlackTeamCountry "FIN"]

1. Nc3 d5 2. e4 d4 3. Nce2 e5 4. Ng3 Be6 5. Nf3 f6 6. b3 Nc6 7. Bc4 Bxc4 8. bxc4 d3 9. 0-0 Bc5 10. Bb2 Nge7 11. Ne1 dxc2 12. Qxc2 Qd7 13. Nd3 Bb6 14. c5 Ba5 15. Rfd1 0-0-0 16. Ne1 h5 17. h3 g5 18. Rab1 h4 19. Nf5 Nxf5 20. exf5 Qd5 21. Nf3 Qd3 22. Qxd3 Rxd3 23. Bc1 Rhd8 24. Nh2 Nd4 25. Ng4 Rf8 26. Ne3 Ne2+ 27. Kf1 Nxc1 28. Rbxc1 Rxd2 29. Ng4 Rxa2 30. Rd3 Rd2 31. Ra3 b6 32. c6 Kb8 33. Rb1 Rd5 34. Rc1 Bb4 35. Raa1 a5 36. f3 Rc5 37. Rxc5 Bxc5 38. Ke2 Ka7 39. Kd3 Rd8+ 40. Kc4 Rd4+ 41. Kb3 Rd6 42. Ka4 Ka6 43. Rb1 b5+ 44. Kb3 a4+ 45. Kc2 Rxc6 46. Rd1 Bd4+ 0-1

[Event "FIN-chT1A 0304"]
[Site "Finland"]
[Date "2003.09.??"]
[Round "2.1"]
[White "Tusa, Tuukka"]
[Black "Hermlin, Aarne"]
[Result "0-1"]
[WhiteElo "2150"]
[BlackElo "2269"]
[PlyCount "108"]
[EventDate "2003.09.??"]
[EventType "team-tourn"]
[EventRounds "7"]
[EventCountry "FIN"]
[SourceTitle "EXT 2022"]
[Source "ChessBase"]
[SourceDate "2021.10.06"]
[SourceVersion "1"]
[SourceVersionDate "2021.10.06"]
[SourceQuality "1"]
[WhiteTeam "Helsinki X"]
[BlackTeam "Eura SK"]
[WhiteTeamCountry "FIN"]
[BlackTeamCountry "FIN"]

1. c4 e5 2. g3 d5 3. cxd5 Qxd5 4. Nf3 Bb4 5. Nc3 Bxc3 6. dxc3 Qxd1+ 7. Kxd1 Nc6 8. Bg2 Bf5 9. Nd2 0-0-0 10. e4 Be6 11. Kc2 Nh6 12. f3 f6 13. b3 Nf7 14. Ba3 h5 15. h4 b6 16. Nf1 f5 17. Bh3 g6 18. Ne3 Nh6 19. Rad1 Rhe8 20. Rxd8+ Rxd8 21. Rd1 Rxd1 22. Kxd1 Nd8 23. Bf8 Ndf7 24. Nd5 Ng8 25. Bg7 Kd7 26. Nb4 fxe4 27. Bxe6+ Kxe6 28. fxe4 Nd6 29. Nd3 Nxe4 30. Bxe5 Nc5 31. Nxc5+ Kxe5 32. Nd3+ Kf5 33. Ke2 Nf6 34. Kf3 Ng4 35. c4 c5 36. Ke2 Nf6 37. Kf3 Ne4 38. Nc1 Nc3 39. a4 Ne4 40. Kg2 Kg4 41. Ne2 Nd2 42. Nc1 Kf5 43. Kf2 Ke4 44. Ke2 Nf3 45. Kd1 Ke3 46. Ne2 Kf2 47. a5 bxa5 48. Nc3 Kxg3 49. Ne4+ Kxh4 50. Nxc5 Kg3 51. Ne4+ Kg2 52. c5 Nd4 53. Nc3 h4 54. Ne2 Nc6 0-1

[Event "Tampere op"]
[Site "Tampere"]
[Date "2003.??.??"]
[Round "2"]
[White "Hermlin, Aarne"]
[Black "Lehmusvaara, Esa"]
[Result "1-0"]
[WhiteElo "2269"]
[BlackElo "2120"]
[PlyCount "37"]
[EventDate "2003.01.??"]
[EventType "swiss"]
[EventRounds "5"]
[EventCountry "FIN"]
[SourceTitle "EXT 2004"]
[Source "ChessBase"]
[SourceDate "2003.11.25"]
[SourceVersion "1"]
[SourceVersionDate "2003.11.25"]
[SourceQuality "1"]

1. Nc3 e5 2. Nf3 d6 3. d4 exd4 4. Nxd4 Nc6 5. e4 Nxd4 6. Qxd4 Qf6 7. Qxf6 Nxf6 8. Nb5 Kd7 9. Nc3 Be7 10. Bf4 Rd8 11. 0-0-0 Ke8 12. Nb5 Rd7 13. e5 Nh5 14. Be3 dxe5 15. Rxd7 Kxd7 16. Bc4 f5 17. Rd1+ Kc6 18. a4 Nf6 19. Nxa7+ 1-0

[Event "Helsinki We X"]
[Site "Helsinki"]
[Date "2003.??.??"]
[Round "?"]
[White "Hermlin, Aarne"]
[Black "Stryjecki, Marek"]
[Result "0-1"]
[WhiteElo "2285"]
[BlackElo "2442"]
[PlyCount "54"]
[EventDate "2003.??.??"]
[EventType "swiss"]
[EventRounds "5"]
[EventCountry "FIN"]
[SourceTitle "EXT 2022"]
[Source "ChessBase"]
[SourceDate "2021.10.06"]
[SourceVersion "1"]
[SourceVersionDate "2021.10.06"]
[SourceQuality "1"]

1. Nc3 d5 2. e4 d4 3. Nce2 e5 4. f4 Nc6 5. Nf3 Bg4 6. fxe5 Bxf3 7. gxf3 Qh4+ 8. Ng3 Nxe5 9. d3 Ng6 10. Qd2 f6 11. Qf2 Bb4+ 12. Bd2 Bxd2+ 13. Qxd2 N8e7 14. 0-0-0 0-0-0 15. Kb1 Nf4 16. Rc1 Kb8 17. c3 Qg5 18. cxd4 Rxd4 19. Qc3 Qe5 20. Qb3 h5 21. Qf7 Rb4 22. b3 h4 23. Nf5 Nxf5 24. exf5 a5 25. Rg1 a4 26. Rxg7 Nd5 27. f4 Rxf4 0-1

[Event "Helsinki We X"]
[Site "Helsinki"]
[Date "2003.??.??"]
[Round "?"]
[White "Hynninen, Juha"]
[Black "Hermlin, Aarne"]
[Result "0-1"]
[WhiteElo "1960"]
[BlackElo "2285"]
[PlyCount "70"]
[EventDate "2003.??.??"]
[EventType "swiss"]
[EventRounds "5"]
[EventCountry "FIN"]
[SourceTitle "EXT 2022"]
[Source "ChessBase"]
[SourceDate "2021.10.06"]
[SourceVersion "1"]
[SourceVersionDate "2021.10.06"]
[SourceQuality "1"]

1. e4 e5 2. Nf3 d6 3. d4 exd4 4. Nxd4 g6 5. Nc3 Bg7 6. Be3 Nf6 7. Be2 0-0 8. 0-0 Re8 9. Bf3 Nbd7 10. Bg5 h6 11. Bf4 Nc5 12. Re1 g5 13. Bc1 g4 14. Be2 Ncxe4 15. Nxe4 Nxe4 16. Be3 h5 17. Bd3 Bd7 18. f3 Nc5 19. Nf5 Bxf5 20. Bxf5 Rxe3 21. Rxe3 Qg5 22. Qd2 Bh6 23. Rae1 Qxf5 24. Re8+ Rxe8 25. Rxe8+ Kh7 26. Qe2 Kg7 27. fxg4 hxg4 28. Qc4 Ne6 29. Qc3+ Qe5 30. Qxe5+ dxe5 31. Kf2 Bf4 32. g3 Bc1 33. b4 Ba3 34. b5 Bc5+ 35. Ke2 e4 0-1

[Event "Raahe op"]
[Site "Raahe"]
[Date "2003.??.??"]
[Round "3"]
[White "Ivanov, Sergey1111"]
[Black "Hermlin, Aarne"]
[Result "1/2-1/2"]
[WhiteElo "2201"]
[BlackElo "2269"]
[PlyCount "109"]
[EventDate "2003.??.??"]
[EventType "swiss"]
[EventRounds "5"]
[EventCountry "FIN"]
[SourceTitle "EXT 2005"]
[Source "ChessBase"]
[SourceDate "2004.11.15"]
[SourceVersion "1"]
[SourceVersionDate "2004.11.15"]
[SourceQuality "1"]

1. e4 e5 2. Nc3 Bc5 3. f4 d6 4. Nf3 Nf6 5. Bc4 Nc6 6. d3 a6 7. a3 Bg4 8. f5 Nd4 9. Bg5 c6 10. h3 Bxf3 11. gxf3 b5 12. Ba2 h6 13. Bh4 0-0 14. Nb1 b4 15. axb4 Ba7 16. c3 Nb5 17. Qe2 d5 18. Bb3 Bb6 19. Nd2 Qd6 20. Bxf6 gxf6 21. Nf1 a5 22. bxa5 Kh7 23. Ne3 Bxa5 24. 0-0 Bb6 25. Kh2 Rxa1 26. Rxa1 Bxe3 27. Qxe3 Rb8 28. Ba4 Nc7 29. Qf2 Rg8 30. Rg1 Rxg1 31. Kxg1 d4 32. Bb3 dxc3 33. bxc3 Qxd3 34. Bxf7 Qxc3 35. Bg6+ Kg7 36. Qa2 Qd4+ 37. Kh2 Qd7 38. Qg2 Kf8 39. Qa2 Nb5 40. Kg3 Qa7 41. Qxa7 Nxa7 42. f4 Ke7 43. fxe5 fxe5 44. Kf3 Nb5 45. Ke3 Nd6 46. Bh5 Kf6 47. h4 c5 48. Bd1 c4 49. Bc2 Nb5 50. Kd2 Ke7 51. Ba4 Nd6 52. Bc6 Kf6 53. Kc3 Ke7 54. Kb4 Kf6 55. Kc3 1/2-1/2

[Event "Helsinki We HSK 8th"]
[Site "Helsinki"]
[Date "2003.??.??"]
[Round "5"]
[White "Nyysti, Sampsa"]
[Black "Hermlin, Aarne"]
[Result "1/2-1/2"]
[WhiteElo "2410"]
[BlackElo "2285"]
[PlyCount "22"]
[EventDate "2003.??.??"]
[EventType "swiss"]
[EventRounds "5"]
[EventCountry "FIN"]
[SourceTitle "EXT 2022"]
[Source "ChessBase"]
[SourceDate "2021.10.06"]
[SourceVersion "1"]
[SourceVersionDate "2021.10.06"]
[SourceQuality "1"]

1. e4 e5 2. Nf3 Nc6 3. Bb5 g6 4. 0-0 Bg7 5. c3 a6 6. Ba4 d6 7. d4 Bd7 8. Re1 Nf6 9. Nbd2 0-0 10. Bc2 Nh5 11. Nf1 Bg4 1/2-1/2